| 000 | 00940nam a22002417a 4500 | ||
|---|---|---|---|
| 005 | 20170123164141.0 | ||
| 010 | _aA-978291 | ||
| 020 |
_a8187654546 _c120.00 |
||
| 035 | _aA-978291 | ||
| 040 |
_aDPL _bPN |
||
| 082 |
_a851 _bਸੋਹਲ |
||
| 100 |
_aਸੋਹਲ, ਸੋਹਨ ਲਾਲ _96710 |
||
| 245 |
_aਪਿਆਸੀਆਂ ਲਹਿਰਾਂ / _c ਸੋਹਨ ਲਾਲ ਸੋਹਲ |
||
| 246 |
_aPayasian lehran _bby Sohan lal sohal |
||
| 260 |
_aਦਿੱਲੀ _bਮਨਪ੍ਰੀਤ ਪਰਕਾਸ਼ਨ |
||
| 270 |
_a16/16 ਫਸਟ ਫਲੋਰ, ਗੀਤਾ ਕਲੋਨੀ , _bਦਿੱਲੀ _e110031 |
||
| 300 |
_a112p. _c23cm(Hb) |
||
| 650 |
_aਪੰਜਾਬੀ ਕਾਲਪਨਿਕ ਕਵਿਤਾ _9114834 |
||
| 650 |
_aਪੰਜਾਬੀ ਸਾਹਿਤ _9114835 |
||
| 650 |
_aPunjabi fictional poetry _97386 |
||
| 650 |
_aPunjabi Literature _9781 |
||
| 942 |
_2ddc _cPN _h851 _mਸੋਹਲ |
||
| 999 |
_c109664 _d109664 |
||